| 000 | 00548nam a2200157Ia 4500 | ||
|---|---|---|---|
| 008 | 150610s9999 xx 000 0 und d | ||
| 020 | _a9812448500 | ||
| 050 |
_aPE 1112 _b .F722 2010 |
||
| 100 | _aForlini, Gary | ||
| 245 |
_aGrammar and composition 4 / _cGary Forlini [et.al.]. |
||
| 250 | _aLow price ed. | ||
| 260 |
_aSingapore : _bPearson Education South Asia Pte. Ltd, _c2005. |
||
| 300 |
_a912pages : _billustrations ; _c21 cm. |
||
| 520 | _aEnglish language. | ||
| 650 |
_aComposition--Problems, exercises, etc. _xEnglish language. |
||
| 999 |
_c288243 _d288243 |
||